[Event "Wch U14 Girls rapid"]
[Site "Batumi"]
[Date "2023.06.08"]
[Round "10"]
[White "Tynyshtyk, Diana"]
[Black "Nurgaliyeva, Zarina"]
[Result "0-1"]
[WhiteElo "1548"]
[BlackElo "1833"]
[PlyCount "124"]
[EventDate "2023.06.06"]
[EventType "swiss (rapid)"]
[EventRounds "11"]
[EventCountry "GEO"]
[SourceTitle "EXT 2024"]
[Source "ChessBase"]
[SourceDate "2023.10.10"]
[SourceVersion "1"]
[SourceVersionDate "2023.10.10"]
[SourceQuality "1"]
[WhiteTeam "Kazakhstan"]
[BlackTeam "Kazakhstan"]
[WhiteTeamCountry "KAZ"]
[BlackTeamCountry "KAZ"]

1. e4 e5 2. Nf3 Nc6 3. Bb5 a6 4. Ba4 Nf6 5. 0-0 Be7 6. Re1 b5 7. Bb3 d6 8. c3 0-0 9. h3 Nb8 10. d4 Nbd7 11. Nbd2 Bb7 12. Bc2 Re8 13. Nf1 Bf8 14. Ng3 g6 15. Bd2 h6 16. Kh2 Bg7 17. b3 exd4 18. cxd4 c5 19. Bc3 Rc8 20. Rc1 Re7 21. d5 Ng4+ 22. hxg4 Bxc3 23. Rh1 Nf6 24. Nh4 Bb2 25. Rb1 Bd4 26. Kg1 Qd7 27. Nhf5 gxf5 28. Nxf5 Re5 29. Nxh6+ Kf8 30. Nf5 Rxf5 31. exf5 Ke7 32. Qe1+ Kd8 33. Qa5+ Qc7 34. Qd2 Bxd5 35. Re1 Kd7 36. Qd1 Rg8 37. Qe2 Nxg4 38. Qe7+ Kc6 39. Qxc7+ Kxc7 40. Re7+ Kc6 41. Re2 Nxf2 42. Rh2 Ng4+ 43. Kh1 Nxh2 44. Kxh2 Rh8+ 45. Kg3 Be5+ 46. Kf2 c4 47. bxc4 bxc4 48. Ba4+ Kc5 49. Ke1 Rh1+ 50. Kd2 Kb4 51. Bd1 Ka3 52. g4 Rxd1+ 53. Kxd1 Bf3 54. Kd2 c3+ 55. Kd3 Bxe2+ 56. Kxe2 c2 57. f6 c1Q 58. g5 Qxg5 59. Kd3 Qf4 60. Ke2 Qe4+ 61. Kd2 Kb2 62. a4 Bc3+ 0-1

[Event "Wch U12 Girls"]
[Site "Batumi"]
[Date "2022.09.21"]
[Round "6"]
[White "Tynyshtyk, Diana"]
[Black "Kocharyan, Sona"]
[Result "1/2-1/2"]
[WhiteElo "1373"]
[BlackElo "1259"]
[PlyCount "63"]
[EventDate "2022.09.16"]
[EventType "swiss"]
[EventRounds "11"]
[EventCountry "GEO"]
[SourceTitle "EXT 2023"]
[Source "ChessBase"]
[SourceDate "2022.10.05"]
[SourceVersion "1"]
[SourceVersionDate "2022.10.05"]
[SourceQuality "1"]

1. e4 c5 2. Nf3 e6 3. d4 cxd4 4. Nxd4 Nf6 5. Nc3 d6 6. Be2 a6 7. 0-0 Be7 8. f4 0-0 9. Be3 Nc6 10. a4 Qc7 11. Nb3 b6 12. Bf3 Bb7 13. Qe1 Nb4 14. Qf2 b5 15. Bb6 Qd7 16. axb5 axb5 17. Rxa8 Rxa8 18. e5 Nfd5 19. Rd1 Nxc3 20. bxc3 Nd5 21. Bd4 Qc7 22. Qg3 Bf8 23. Be2 dxe5 24. Bxe5 Qb6+ 25. Bd4 Qc7 26. Rf1 Qc6 27. Nc5 Nxc3 28. Bf3 Qxf3 29. gxf3 Ne2+ 30. Kf2 Nxg3 31. hxg3 Bxc5 32. Bxc5 1/2-1/2

[Event "KAZ-ch U12 Girls"]
[Site "Ak Bulak"]
[Date "2022.03.26"]
[Round "9"]
[White "Kaliakhmet, Elnaz"]
[Black "Tynyshtyk, Diana"]
[Result "1-0"]
[WhiteElo "1852"]
[BlackElo "1337"]
[PlyCount "71"]
[EventDate "2022.03.20"]
[EventType "swiss"]
[EventRounds "9"]
[EventCountry "KAZ"]
[SourceTitle "EXT 2023"]
[Source "ChessBase"]
[SourceDate "2022.10.05"]
[SourceVersion "1"]
[SourceVersionDate "2022.10.05"]
[SourceQuality "1"]

1. d4 Nf6 2. c4 g6 3. Nc3 Bg7 4. e4 d6 5. Be2 0-0 6. Be3 Na6 7. Nf3 e5 8. 0-0 Re8 9. d5 Nc5 10. Nd2 a5 11. a3 a4 12. Bxc5 dxc5 13. Nxa4 b6 14. Nc3 Rf8 15. b4 cxb4 16. axb4 Rxa1 17. Qxa1 Qd6 18. Qb2 Ne8 19. Nb5 Qe7 20. Ra1 f5 21. Ra7 fxe4 22. Nxe4 Bf5 23. Bd3 Bxe4 24. Bxe4 Qh4 25. Qe2 Rf4 26. f3 Bh6 27. g3 Qg5 28. Nxc7 Rf7 29. d6 Qc1+ 30. Kg2 Rd7 31. Bd5+ Kg7 32. Qxe5+ Nf6 33. Ne8+ Kf8 34. Qxf6+ Kxe8 35. Ra8+ Rd8 36. Bc6# 1-0